The way to happiness [sound recording] : (Record no. 111847)
[ view plain ]
| 000 -LEADER | |
|---|---|
| fixed length control field | 00536cam a2200169 4500 |
| 008 - FIXED-LENGTH DATA ELEMENTS--GENERAL INFORMATION | |
| fixed length control field | 090430n 000 0 eng u |
| 020 ## - INTERNATIONAL STANDARD BOOK NUMBER | |
| International Standard Book Number | 9781599700007 |
| 035 ## - SYSTEM CONTROL NUMBER | |
| System control number | (Sirsi) a164865 |
| 040 ## - CATALOGING SOURCE | |
| Original cataloging agency | |
| 050 ## - LIBRARY OF CONGRESS CALL NUMBER | |
| Classification number | RZC 0162 HUB 2007 |
| 100 ## - MAIN ENTRY--PERSONAL NAME | |
| Personal name | Hubbard, L. Ron |
| 110 ## - MAIN ENTRY--CORPORATE NAME | |
| Corporate name or jurisdiction name as entry element | |
| 245 ## - TITLE STATEMENT | |
| Title | The way to happiness [sound recording] : |
| Remainder of title | a common sense guide to better living / |
| Statement of responsibility, etc. | L. Ron Hubbard. |
| 260 ## - PUBLICATION, DISTRIBUTION, ETC. | |
| Place of publication, distribution, etc. | Glendale, CA : |
| Name of publisher, distributor, etc. | Way to Happiness Foundation International, |
| Date of publication, distribution, etc. | 2007. |
| 650 ## - SUBJECT ADDED ENTRY--TOPICAL TERM | |
| Topical term or geographic name entry element | Conduct of life. |
| 700 ## - ADDED ENTRY--PERSONAL NAME | |
| Personal name | LaFleur, Art. nrt |
| Withdrawn status | Lost status | Source of classification or shelving scheme | Damaged status | Not for loan | Home library | Current library | Shelving location | Cost, normal purchase price | Total Checkouts | Full call number | Barcode | Date last seen | Copy number | Price effective from | Koha item type |
|---|---|---|---|---|---|---|---|---|---|---|---|---|---|---|---|
| Library of Congress Classification | Main Library | Main Library | On Shelf | 0.00 | RZC 0162 HUB 2007 | 33729005112128 | 08/19/2019 | 1 | 08/19/2019 | Book |